Die Integration Mittelosteuropas in die Weltwirtschaft

Bibliographic Details
Other Authors: Rode, Reinhard 1947- (Compiler)
Format: Book
Language:German
PhysicalDescription:xix, 285 s. grafy, tab. 23 cm
Published: Amsterdam G+B Verlag Fakultas c1998
ISBN:9057080281
Subjects:

MARC

LEADER 00000nam a2200000 a 4500
001 vtls001352330
003 SK-MaSNL
005 20260302033818.0
008 240226s1998 ne aa r y ger
015 |a SNBZSA1999-00016 
020 |a 9057080281 
035 |a SNK000305711 
035 |a urn:nbn:sk:snk-amkiq7 
035 |a urn:nbn:sk:snk-am008fbk 
035 |a 0B9946E2-E95A-4D9D-925A-24402DBE63B3 
040 |a SNK  |b slo  |c SNK  |e AACR2 
041 0 |a ger 
043 |a e-et 
044 |a NL 
080 |a 338(4-191.2):338(100)"199"(082)=30  |2 1981 
080 |a 339(4-191.2)"199"(082)=30  |2 1981 
080 |a 338(100)"199"(082)=30  |2 1981 
245 0 4 |a Die Integration Mittelosteuropas in die Weltwirtschaft  |c Reinhard Rode (Hrsg.) 
260 |a Amsterdam  |b G+B Verlag Fakultas  |c c1998 
300 |a xix, 285 s.  |b grafy, tab.  |c 23 cm 
504 |a Bibliogr. s. 263-278. Reg. Biogr. údaje o aut. 
650 0 7 |a hospodárstvo svetové  |z Európa stredná (časť východná)  |x integrácia  |y stor. 20., r. 90.  |x zborníky  |2 SNK  |9 684526 
655 7 |a zbierky  |2 SNK  |9 70533 
700 1 |a Rode, Reinhard  |d 1947-  |4 com  |9 684527 
919 |a 90-5708-028-1 
958 |a OND 
958 |a ZS 
958 |a TL 
958 |a ZB 
958 |a NB 
999 |c 1063421  |d 1065351 
952 |t P60, <03>, [BOOK], {603}  |a SNK  |b SNK  |y PREZ  |7 0  |p 17A0174674  |o snkSC 97628  |i snkV 62/99  |0 0  |1 0  |4 0  |d 1999-01-13  |f 1  |l 0  |r 2025-09-17 00:00:00  |w 2026-02-24